| 000 | 00822nam a2200289Ia 4500 | ||
|---|---|---|---|
| 001 | Para_7769 | ||
| 003 | CHAP | ||
| 008 | 220125s1981 xx 000 0 und d | ||
| 010 | _a206769 | ||
| 040 | _cCHAP | ||
| 082 | _aPA-C 576.6403 D52 | ||
| 245 |
_aA Dictionary of virology / _c by K. E. K. Rowson, T. A. L. Rees and B. W. J. Mahy |
||
| 260 |
_aLondon : _b Blackwell Scientific |
||
| 300 | _a230 p. | ||
| 650 |
_aVirus _x clasificación _9119937 |
||
| 650 |
_aVirus _x Diccionarios _9173073 |
||
| 700 |
_aB. W. J. Mahy _9173074 |
||
| 700 |
_aRowson, K. E. K. _9173075 |
||
| 700 |
_aT. A. L. Rees _9173076 |
||
| 901 | _aPA-C 576.6403 D52 | ||
| 902 | _aA | ||
| 905 | _a0000001981 a 0000000000 00 | ||
| 910 | _a1981 | ||
| 942 | _cPARA | ||
| 942 |
_cPARA _d1 |
||
| 999 |
_c206769 _d206769 |
||